000 00459pab a2200169 454500
008 180718b2002 xxu||||| |||| 00| 0 eng d
100 _aSingh, S.M.
245 _aLabour laws and policies with reference to contract labour
260 _c2002
300 _ap.49-67.
362 _aJul-Sep
650 _aLabour policy
650 _aLabour law
650 _aConditions of employment
773 _aIndian Journal of Training and Development
909 _a55026
999 _c55026
_d55026